Yerkürenin en güzel tarihi / (Record no. 12699)

MARC details
000 -BAŞLIK
Sabit Uzunlukta Kontrol Alanı 00949nam a22002777a 4500
999 ## - SİSTEM KONTROL NUMARALARI (KOHA)
Koha Biblionumber 12699
Koha Biblioitemnumber 12699
003 - KONTROL NUMARASI IDENTIFIER
Denetim Alanı TR-AnCHP
005 - SON İŞLEM TARİHİ VE ZAMANI
Denetim Alanı 20190206135744.0
008 - SABİT-BOY VERİ ELEMANLARI - GENEL BİLGİLER
Sabit Uzunlukta Kontrol Alanı 190206b tu ||||| |||| 00| 0 tur d
020 ## - ULUSLARARASI STANDART KİTAP NUMARASI
Uluslararası Standart Kitap Numarası 9754583560
040 ## - KATALOGLAMA KAYNAK
Orijinal Kataloglama Ajansı TR-AnCHP
Metne Dönüştürmek Ajansı TR-AnCHP
041 1# - DİL KODU
Metin / Ses Parça Veya Ayrı Başlığın Dil Kodu tur
082 04 - DEWEY ONLU SINIFLANDIRMA NUMARASI
Sınıflandırma Numarası 525
Ürün Numarası B62y 2002
100 ## - ANA GİRİŞ - KİŞİSEL İSİM
Kişisel Ad Brahic, Andrè
245 00 - BAŞLIK TABLOSU
Başlık Yerkürenin en güzel tarihi /
Sorumluluk Tablosu, Vb Andre Brahic ... [ve öte.] ; çeviren: Saadet Özen.
260 ## - YAYIN, DAĞITIM, VB
Yayın, Dağıtım, Vb Yeri İstanbul :
Yayıncı, Dağıtıcı, Vs Adı Türkiye İş Bankası Kültür Yayınları,
Yayın, Dağıtım, Vb Tarihi 2002.
300 ## - FİZİKSEL TANIM
Kapsam 158 s. ;
Boyutlar 19 sm.
490 0# - SERİSİ TABLOSU
Seri Beyanı Türkiye İş Bankası Kültür yayınları ;
-- Bilim dizisi ;
Hacim / Ardışık Tanımı genel yayın 599.
-- 15.
500 ## - GENEL NOT
Genel Not Özgün yapıt adı: La plus belle historie de la terre
650 #4 - KONU KATMA GİRİŞ - TOPİKAL DÖNEM
Topikal Süreli Veya Coğrafi Ad Giriş Elemanı Yeryüzü
Genel Alt Bölümü Tarih
700 ## - KATMA GİRİŞ - KİŞİSEL İSİM
Kişisel Ad Brahic, Andrè
9 (RLIN) 5137
700 ## - KATMA GİRİŞ - KİŞİSEL İSİM
Kişisel Ad Tapponnier, Paul
9 (RLIN) 5138
700 1# - KATMA GİRİŞ - KİŞİSEL İSİM
Kişisel Ad Brown, Lester R.
9 (RLIN) 1835
700 ## - KATMA GİRİŞ - KİŞİSEL İSİM
Kişisel Ad Girardon, Jacques
9 (RLIN) 5139
700 1# - KATMA GİRİŞ - KİŞİSEL İSİM
Kişisel Ad Özen, Saadet,
Bir Adıyla İlişkilendirilen Tarihler 1972-
Relator Terim çev
942 ## - EKLENDİ GİRİŞ ELEMANLARI (KOHA)
Sınıflandırma Veya Raf Düzeni Kaynak Dewey Decimal Classification
Koha Öğesi Türü Books
Holdings
Kalıcı Konum Mevcut Konum Edinme Tarihi Edinim Kaynak Toplam Check-Out'Lar Tam Çağrı Numarası Barkod Tarih Son Görülme İtibaren Geçerli Fiyatlar Sigara Kamu Notu Koha Öğesi Türü
CHP Kütüphanesi CHP Kütüphanesi 02/06/2019 Bağış   525 B62y 2002 018808 02/06/2019 02/06/2019 Kemal Kılıçdaroğlu bağışıdır. Books